000 00587pab a2200193 454500
008 180718b2010 xxu||||| |||| 00| 0 eng d
100 _aKamra, Pawan K.
245 _aChallenges of urban water crisis: A case study of municipal council, S.A.S. Nagar, Mohali (Punjab)
260 _c2010
300 _ap.285-297.
362 _aApr-Jun
650 _aWater resources management - India - Punjab
650 _aWater supply - India - Punjab
650 _aWater supply
700 _aMishra, Purva
773 _aIndian Journal of Public Administration
908 _aN
909 _a87644
999 _c87644
_d87644